Quiz Xbox - Statistiques

Statistiques générales
  • Ce quiz a été pris 138 fois
  • Le résultat moyen est 8 sur 10
Statistiques - réponses
Question Réponse % Correct
Quel est le nom de la franchise phare de jeux de course de Xbox ? Forza
100%
Qui sont les fondateurs de Xbox Microsoft
100%
Quel est la couleur associée a Xbox ? Vert
100%
Quelle est la Xbox one X ?
89%
Quel est la mannette Xbox one ?
84%
Le quel de ces dévélopeurs appartient a Xbox ? Playground games
69%
Comment s' appelle les 2 gachettes sur les mannettes Xbox ? RT et LT
69%
Quel jeux exclusivité Xbox a sorti Bethesda games studios cette année ? Starfield
67%
Quand est sortie la première Xbox ? 2001
58%
Quel est l'éléctroménager derivé de la Xbox series S ? Le toaster
51%
Aucun quiz correspondant
Distribution des résultats
% des personnes avec chaque résultat
Percentile par nombre de réponses
Votre historique - résultats
Vous n’avez pas pris ce quiz